Online
Catalog

El subdesarrollo latinoamericano y la teoría del desarrollo / (Record no. 15711)

MARC details
000 -CABECERA
campo de control de longitud fija 01266cam a2200349 p 4500
001 - NÚMERO DE CONTROL
campo de control 000016171
003 - IDENTIFICADOR DEL NÚMERO DE CONTROL
campo de control UkOxU
005 - FECHA Y HORA DE LA ÚLTIMA TRANSACCIÓN
campo de control 20200929164314.0
008 - DATOS DE LONGITUD FIJA--INFORMACIÓN GENERAL
campo de control de longitud fija 790907s19701973sp b 001 0 spa
010 ## - NÚMERO DE CONTROL DE LA BIBLIOTECA DEL CONGRESO
Número de control de LC 75567400
015 ## - NÚMERO DE BIBLIOGRAFÍA NACIONAL
Número de bibliografía nacional Sp74
020 ## - NÚMERO INTERNACIONAL ESTÁNDAR DEL LIBRO
Número Internacional Estándar del Libro 8432301078
035 ## - NÚMERO DE CONTROL DEL SISTEMA
Número de control de sistema (DLC) 75567400
035 ## - NÚMERO DE CONTROL DEL SISTEMA
Número de control de sistema 3647264
040 ## - FUENTE DE LA CATALOGACIÓN
Centro catalogador/agencia de origen DO-SdBNP
Centro/agencia transcriptor DLC
Centro/agencia modificador DLC
043 ## - CÓDIGO DE ÁREA GEOGRÁFICA
Código de área geográfica s------
050 00 - SIGNATURA TOPOGRÁFICA DE LA BIBLIOTECA DEL CONGRESO
Número de clasificación HD85.S7
Número de documento/Ítem S8 1973
082 00 - NÚMERO DE LA CLASIFICACIÓN DECIMAL DEWEY
Número de clasificación 330.9/8/003
100 1# - ENTRADA PRINCIPAL--NOMBRE DE PERSONA
Nombre de persona Sunkel, Osvaldo.
9 (RLIN) 36188
245 13 - MENCIÓN DE TÍTULO
Título El subdesarrollo latinoamericano y la teoría del desarrollo /
Mención de responsabilidad, etc. por Osvaldo Sunkel, con la colaboración de Pedro Paz.
250 ## - MENCIÓN DE EDICIÓN
Mención de edición 1. ed.
260 ## - PUBLICACIÓN, DISTRIBUCIÓN, ETC.
Lugar de publicación, distribución, etc. Madrid :
Nombre del editor, distribuidor, etc. Siglo Veintiuno de España,
Fecha de publicación, distribución, etc. 1970, 1973 printing.
300 ## - DESCRIPCIÓN FÍSICA
Extensión viii, 385 p. :
Otras características físicas graphs ;
Dimensiones 23 cm.
490 1# - MENCIÓN DE SERIE
Mención de serie Textos del Instituto Latinoamericano de Planificación Económica y Social : Economía y demografía
504 ## - NOTA DE BIBLIOGRAFÍA, ETC.
Nota de bibliografía, etc. Includes bibliographical references and index.
650 #0 - PUNTO DE ACCESO ADICIONAL DE MATERIA--TÉRMINO DE MATERIA
Término de materia o nombre geográfico como elemento de entrada Economic development.
9 (RLIN) 36189
651 #0 - PUNTO DE ACCESO ADICIONAL DE MATERIA--NOMBRE GEOGRÁFICO
Nombre geográfico Latin America
Subdivisión general Economic Conditions.
9 (RLIN) 28874
700 1# - PUNTO DE ACCESO ADICIONAL--NOMBRE DE PERSONA
Nombre de persona Paz, Pedro
9 (RLIN) 30938
830 #0 - PUNTO DE ACCESO ADICIONAL DE SERIE-TÍTULO UNIFORME
Título uniforme Economía y demografía (Madrid, Spain)
9 (RLIN) 36190
852 ## - LOCALIZACIÓN
-- 20834737
-- Available
910 ## - DATOS DE OPCIÓN DEL USUARIO (OCLC)
Datos de opción del usuario Catalogación derivada
Holdings
Estado de retiro Estado de pérdida Restricciones de uso No para préstamo Código de colección Localización permanente Ubicación/localización actual Ubicación en estantería Fecha de adquisición Número de inventario Total de préstamos Signatura topográfica completa Código de barras Fecha visto por última vez Precio válido a partir de Tipo de ítem Koha
    Préstamo interno   Monografías: Libros y Folletos General General En catalogación 26.02.2010 LF1   330.9/8/003 16171-10 25.06.2020 25.06.2020 Préstamo interno

Powered by Koha